Estrategia de educación ambiental para el conocimiento, el uso sostenible y la conservación de la biodiversidad en Colombia. (Registro nro. 6938)
[ vista simple ]
| 000 -CABECERA | |
|---|---|
| Campo de control | 00801nmm a2200217 a 4500 |
| 005 - FECHA Y HORA DE LA ULTIMA TRANSACCION | |
| Campo de control | 20170213195034.0 |
| 008 - ELEMENTOS DE LONGITUD FIJA—INFORMACION GENERAL | |
| Campo de control | 140217b2007 ck ||||| |||| 00| 0 spa d |
| 020 ## - ISBN | |
| ISBN | 9789588343204 |
| 040 ## - FUENTE DE CATALOGACIÓN | |
| Agencia catalogadora original | CO-BoIAVH |
| Agencia transcriptora | CO-BoIAVH |
| 041 ## - IDIOMA | |
| Código de idioma para texto/pista de sonido o título separado | Español |
| 044 ## - PAÍS DE PUBLICACIÓN | |
| País de publicación | Colombia |
| 090 ## - CLASIFICACIÓN LOCAL | |
| Colección | MM |
| Consecutivo | 00392 |
| 100 ## - ASIENTO PRINCIPAL--NOMBRE PERSONAL | |
| Nombre personal | Castro Lalinde, Paulina María Alejandra |
| 9 (RLIN) | 5505 |
| 245 00 - MENCION DE TITULO | |
| Título | Estrategia de educación ambiental para el conocimiento, el uso sostenible y la conservación de la biodiversidad en Colombia. |
| 260 ## - PUBLICACION, DISTRIBUCION, ETC. (PIE DE IMPRENTA) | |
| Lugar de publicación, distribución, etc. | Bogotá: |
| Nombre del editor, distribuidor, etc. | Instituto de Investigación de Recursos Biológicos Alexander von Humboldt, |
| Fecha de publicación, distribución, etc. | 2007. |
| 300 ## - DESCRIPCION FISICA | |
| Extensión | 1 CD- Rom, |
| Otros detalles físicos | 72 p. |
| 650 #0 - ASIENTO SECUNDARIO DE MATERIA - TERMINO TEMATICO | |
| Término temático o nombre geográfico como elemento de entrada | Educación ambiental |
| Subdivisión general | estrategias |
| 9 (RLIN) | 79437 |
| 700 ## - ASIENTO SECUNDARIO - NOMBRE PERSONAL | |
| Nombre personal | Mendoza Mojica, Sandra Lucía |
| 9 (RLIN) | 2294 |
| 700 ## - ASIENTO SECUNDARIO - NOMBRE PERSONAL | |
| Nombre personal | Castro Lalinde, Luz Amanda |
| 9 (RLIN) | 2295 |
| 942 ## - ELEMENTOS ADICIONALES (KOHA) | |
| Tipo de ítem | CD-ROM |
| Sistema de clasificación | Local |
| Withdrawn status | Lost status | Sistema de Clasificación | Damaged status | No para préstamo | Colección | Ubicación Permanente | Ubicación actual | Fecha de adquisición | Total Checkouts | Número topográfico | Inventario / Código de Barras | Date last seen | Ejemplar | Price effective from | Forma de adquisición | Tipo de material | Date checked out |
|---|---|---|---|---|---|---|---|---|---|---|---|---|---|---|---|---|---|
| Local | No para Préstamo | Humboldt | Bogotá | Bogotá | MM-00392 | 027211 | 04/12/2012 | Ej. 1 | 04/12/2012 | Institucional | CD-ROM | ||||||
| Local | No para Préstamo | Recursos electrónicos | Bogotá | Bogotá | MM-00392 | 027212 | 04/12/2012 | Ej. 2 | 04/12/2012 | Institucional | CD-ROM | ||||||
| Local | Audiovisual | Bogotá | Bogotá | 20/11/2013 | IAVH-01348 | 058833 | 20/11/2013 | Ej. 3 | 20/11/2013 | CD-ROM | |||||||
| Local | Audiovisual | Bogotá | Bogotá | 19/12/2013 | 1 | IAVH-01348 | 059383 | 04/11/2015 | Ej. 4 | 19/12/2013 | CD-ROM | 04/11/2015 | |||||
| Local | No para Préstamo | Recursos electrónicos | Bogotá | Bogotá | 13/02/2017 | MM-00392 | 058800 | 13/02/2017 | Ej. 5 | 13/02/2017 | Institucional | CD-ROM | |||||
| Local | No para Préstamo | Recursos electrónicos | Bogotá | Bogotá | 13/02/2017 | MM-00392 | 058608 | 13/02/2017 | Ej. 6 | 13/02/2017 | Institucional | CD-ROM | |||||
| Local | No para Préstamo | Recursos electrónicos | Bogotá | Bogotá | 13/02/2017 | MM-00392 | 058803 | 13/02/2017 | Ej. 7 | 13/02/2017 | Institucional | CD-ROM | |||||
| Local | No para Préstamo | Recursos electrónicos | Bogotá | Bogotá | 13/02/2017 | MM-00392 | 058804 | 13/02/2017 | Ej. 8 | 13/02/2017 | Institucional | CD-ROM | |||||
| Local | No para Préstamo | Recursos electrónicos | Bogotá | Bogotá | 13/02/2017 | MM-00392 | 058801 | 13/02/2017 | Ej. 9 | 13/02/2017 | Institucional | CD-ROM | |||||
| Local | No para Préstamo | Recursos electrónicos | Bogotá | Bogotá | 13/02/2017 | MM-00392 | 058802 | 13/02/2017 | Ej. 10 | 13/02/2017 | Institucional | CD-ROM | |||||
| Local | No para Préstamo | Recursos electrónicos | Bogotá | Bogotá | 25/02/2017 | MM-00392 | 042608 | 25/02/2017 | Ej. 11 | 25/02/2017 | Institucional | CD-ROM | |||||
| Local | No para Préstamo | Audiovisual | Bogotá | Bogotá | 25/02/2017 | MM-00392 | 042609 | 25/02/2017 | Ej. 12 | 25/02/2017 | Institucional | CD-ROM | |||||
| Local | No para Préstamo | Audiovisual | Bogotá | Bogotá | 25/02/2017 | MM-00392 | 042610 | 25/02/2017 | Ej. 13 | 25/02/2017 | Institucional | CD-ROM | |||||
| Local | No para Préstamo | Audiovisual | Bogotá | Bogotá | 25/02/2017 | MM-00392 | 027213 | 25/02/2017 | Ej. 14 | 25/02/2017 | Institucional | CD-ROM | |||||
| Local | No para Préstamo | Recursos electrónicos | Bogotá | Bogotá | 01/02/2018 | MM-00392 | 043467 | 01/02/2018 | Ej. 15 | 01/02/2018 | Institucional | CD-ROM |